000 00312nam a22001337a 4500
020 _a978-93-5103-044-7
082 _a613.7046
_bKRI/Y
100 _aKRIPALANI, COONOOR
245 _aLET'S DO YOGA
260 _aGURGAON
_bSCHOLASTIC INDIA
_c2013
300 _a44
650 _aHEALTH AND FITNESS
_zINDIA
942 _cBK
999 _c5474
_d5474